000 nam a22 7a 4500
999 _c18829
_d18829
008 170114b xxu||||| |||| 00| 0 eng d
020 _a9781607148777
050 _aRT 55 .I79 2012
100 _aIrwin, Barbara J.
_d2012.
245 _aNCLEX-RN:
_bStrategies, Practice , and Review/
_cBarbara J. Irwin and Judith A.Burckhardt
260 _aNew York:
_bkaplan,
_c2012.
300 _axvii,526p.:
_bill.;
_c28cm.
_eCD.
521 _aIncludes index
942 _2lcc
_cBOOKS
_hRT 55 .I79 2012